000 01046nam a2200265 a 4500
001 ebr10416646
003 CaPaEBR
006 m u
007 cr cn|||||||||
008 101216s2009 ii a s 000 0 eng d
020 _z9788190750585
040 _aCaPaEBR
_cCaPaEBR
035 _a(OCoLC)664732368
050 1 4 _aQA76.28
_b.H36 2009eb
245 0 0 _aHandbook of multiple choice questions for MCA.
_nVolume 2
_h[electronic resource].
250 _a1st ed.
260 _aLucknow, India :
_bWord-Press,
_c2009.
300 _a209 p. :
_bill.
490 0 _aHandbook of multiple choice questions for MCA
533 _aElectronic reproduction.
_bPalo Alto, Calif. :
_cebrary,
_d2013.
_nAvailable via World Wide Web.
_nAccess may be limited to ebrary affiliated libraries.
650 0 _aComputer science
_vExaminations, questions, etc.
655 7 _aElectronic books.
_2local
710 2 _aebrary, Inc.
856 4 0 _uhttp://site.ebrary.com/lib/rucke/Doc?id=10416646
_zAn electronic book accessible through the World Wide Web; click to view
999 _c84321
_d84321